000 00554nam a2200241Ia 4500
005 20250425162745.0
008 250425s9999 xx 000 0 und d
020 _a9978983287
041 _aspa
043 _aec
082 _a370
100 _aROLDOS AGUILERA, LEON
245 0 _aETICA PARA TODOS
250 _a1A ED
260 _aEcuador
_bARIEL
_c2004
260 _aQUITO
300 _a342
500 _aDONADO POR FRANCISCO ALEMAN
650 _aCOMUNICACION ESCRITA
650 _aETICA EMPRESARIAL
942 _c01
010 _a105827
999 _c235812
_d235812